000 01111nam0a22002771 4500
001 rc\680984
005 20260531091116.0
035 _a(NLR Aleph) 005918309
090 _a6449849
_c6449849
100 _a20031121d1985 u y0rusy50 ca
101 0 _arus
102 _aRU
105 _ay |||||||||
200 1 _aАтеистическое воспитание учащихся средних профессионально-технических училищ
_eМетод. рекомендации
210 _aМ.
_cВысш. школа
_d1985
215 _a70 с.
_d21
300 _aВ надзаг.: Всесоюз. науч.-метод. центр проф.-техн. обучения молодежи
320 _aБиблиогр. в конце разделов
320 _aФильмогр.: с. 31-38
700 1 _7ba
_8rus
_aАлексеев
_bА. Н.
_cд-р пед. наук
_f1919-1999
_gАлексей Николаевич
_92696768
_3RU\NLR\AUTH\770289897
801 0 _aRU
_bNLR
_gpsbo
801 1 _aRU
_bELAR
_2rusmarc
852 _aNLR
_j86-6/1845
942 _cUNSPEC
980 _aNB